00774 2200289 4500001002100000005001500021035002500036020002200061040001200083041000800095082001400103084001400117090001800131090002200149100002500171245006000196260003200256300003600288500001100324504003000335650001300365700002800378850001200406999002200418990002200440990002200462INLIS00000000003441120191029022048 a0010-031800000000354 a978-602-50193-3-3 aYOPDYOG0 aind042[23]a334 a334 Tam R aDEP 334 Tam R aCB-D.11 2017-16423 aTAMBUNAN, Toman Sony1 aKoperasi /cToman Sony Tambunan, Luna Theresia Tambunan aYogyakarta :bExpert,c2017 axi, 220 hlm. :bilus. ;c25 cm. aindeks aBibliografi: hlm. 179-182 4aKoperasi3 aTAMBUNAN, Luna Theresia aYOPDYOG aCB-D.11/2017-1642 aCB-D.11/2017-1642 aCB-D.11/2017-1642